FAO quarterly bulletin of statistics 1999; No.12 Boletín trimestral FAO de estadísticas,Bulletin trimestriel FAO de statistiques

This book presents the most up-to-date statistics on agricultural production. In the light this, the most recent year's crop nd livestock data and that of the years immediately preceding are shown in the book.

Spremljeno u:
Bibliografski detalji
Glavni autor: FAO
Format: Knjiga
Jezik:Undetermined
Izdano: Rome FAO 1999
Teme:
Oznake: Dodaj oznaku
Bez oznaka, Budi prvi tko označuje ovaj zapis!
Thư viện lưu trữ: Trung tâm Học liệu Trường Đại học Cần Thơ
LEADER 00799nam a2200205Ia 4500
001 CTU_36059
008 210402s9999 xx 000 0 und d
082 |a 310 
082 |b F218/No.12/1999 
100 |a FAO 
245 0 |a FAO quarterly bulletin of statistics 1999; No.12 
245 0 |b Boletín trimestral FAO de estadísticas,Bulletin trimestriel FAO de statistiques 
245 0 |c FAO 
260 |a Rome 
260 |b FAO 
260 |c 1999 
520 |a This book presents the most up-to-date statistics on agricultural production. In the light this, the most recent year's crop nd livestock data and that of the years immediately preceding are shown in the book. 
650 |a agriculture - statistics 
904 |i Minh, 000407 
980 |a Trung tâm Học liệu Trường Đại học Cần Thơ